| 000 | nam a22 a 4500 | ||
|---|---|---|---|
| 999 |
_c431124 _d431124 |
||
| 003 | BLK | ||
| 005 | 20210903145158.0 | ||
| 008 | 210903b bu |||||r|||| 00| | bu d | ||
| 040 | _aBLK | ||
| 041 |
_aBUL _cBUL |
||
| 080 |
_aИстория на Рим (до 476 г. н. е.). Древен Рим _b94(37) _z94(37) |
||
| 100 |
_91299 _aГрим, Ервин Давидович _eпърви автор |
||
| 139 | _aГрим, Ервин Давидович | ||
| 245 |
_aБратята Гракхи : Техния живот и обществената им деятелност _cЕрвин Грим |
||
| 260 |
_9216358 _aСтара Загора _bкниж. д-во Просвета _c1897 _fВ. Търново : печ. Х.Т.С. Фъртунов |
||
| 300 |
_a120 с. _c20 см |
||
| 380 | _a9 | ||
| 490 |
_9435080 _aКолекция Редки и ценни издания |
||
| 600 | 1 | 4 |
_9223740 _aТиберий Гракх |
| 600 | 0 |
_9463948 _aГракх, Кай |
|
| 650 | 0 |
_9249436 _aДревен Рим - история |
|
| 852 | _aРб 897 | ||
| 942 |
_cKNG _n0 _s1 |
||
| 944 |
_aCR _c2021-09-03 _kВР |
||